| 000 | 00914cam a22003137a 4500 | ||
|---|---|---|---|
| 003 | CHAP | ||
| 005 | 20220329142218.0 | ||
| 008 | 971013s1966 us a r 00010 eng d | ||
| 010 | _a79984 | ||
| 011 | _a80956 | ||
| 035 | _a91415 | ||
| 040 | _cCHAP | ||
| 082 |
_a575.1 _bC76 1966 |
||
| 100 | 0 | 0 |
_aCrow, James F. _929222 |
| 245 | 1 | 0 |
_aGenetics notes _c/por James F. Crow |
| 250 | _a6 ed. | ||
| 260 |
_aMinneapolis, Minn. : _bBurgess, _c1966. |
||
| 300 |
_a226 p. _b: ilus. ; cuadros |
||
| 500 | _aFotocopia | ||
| 590 |
_aBATCH-UPD _b10 _c20130110 _lUCH01 _h1817 |
||
| 590 |
_aBATCH-UPD _b10 _c20130410 _lUCH01 _h1151 |
||
| 590 |
_aBATCH-UPD _b10 _c20130914 _lUCH01 _h1104 |
||
| 590 |
_aCONVERSION _b10 _c20130109 _lUCH01 _h1344 |
||
| 650 | 1 | 4 |
_aGenética. _947469 |
| 901 | _aBK | ||
| 905 | _aAlejandra Carrasco M. | ||
| 942 | _cLIBRO | ||
| 949 |
_a575.1 C76 1966 _bBC _cLIBRO _d33724000742789 _eLIBRO _h96144 _i91415 _sb |
||
| 999 |
_c79984 _d79984 |
||